Score 0/8 Timer 01:00
1 Play Today
% Correct
Stairway
94.5%
Highway
91.6%
Ferry
84.2%
Midnight train
81%
Dark desert highway
81%
Last train
76.6%
Road
71.5%
Train
61.5%

Today's Daily Dose

Missing Word
Extinct Animals

Get the Picture
Cornetto Trilogy

Remove Ads.
Support Sporcle.
Get the best of Sporcle when you Go Orange. This ad-free experience offers more features, more stats, and more fun while also helping to support Sporcle. Thank you for becoming a member.

You're not logged in!

Compare scores with friends on all Sporcle quizzes.
OR
Log In

Show Comments

Extras

Top Quizzes Today


Score Distribution

Your Account Isn't Verified!

In order to create a playlist on Sporcle, you need to verify the email address you used during registration. Go to your Sporcle Settings to finish the process.

Report this User

Report this user for behavior that violates our Community Guidelines.

Details: